Les stations du métro de Paris qui portent le nom d'une femme - Statistiques

Statistiques générales
  • Ce quiz a été pris 24 fois
  • Le résultat moyen est 4 sur 8
Statistiques - réponses
Station Lignes % Correct
Louise Michel 3
71%
Pierre et Marie Curie 7
67%
Barbara 4
63%
Madeleine (Marie Madeleine) 8, 12, 14
63%
Barbès - Rochechouart (Marguerite de Rochechouart) 2, 4
46%
Bagneux - Lucie Aubrac 4
42%
Boucicaut (Marguerite Boucicaut) 8
21%
Chardon-Lagache (Amélie Lagache) 10
21%
Aucun quiz correspondant
Distribution des résultats
% des personnes avec chaque résultat
Percentile par nombre de réponses
Votre historique - résultats
Vous n’avez pas pris ce quiz